[Event "London Classic 7th Tiebreak"]
[Site "London"]
[Date "2015.12.13"]
[Round "2.2"]
[White "Vachier Lagrave, Maxime"]
[Black "Carlsen, Magnus"]
[Result "1/2-1/2"]
[WhiteElo "2773"]
[BlackElo "2834"]
[Annotator "Sagar Shah/CB Website"]
[PlyCount "101"]
[EventDate "2015.12.13"]
[EventType "k.o. (rapid)"]
[EventRounds "2"]
[EventCountry "ENG"]
[SourceTitle "CBM 170"]
[Source "ChessBase"]
[SourceDate "2016.01.15"]
[SourceVersion "1"]
[SourceVersionDate "2016.01.15"]
[SourceQuality "1"]

1. c4 Nf6 2. Nc3 c5 3. Nf3 e6 4. e4 Nc6 5. Be2 e5 6. d3 d6 7. a3 Be7 8. b4 b6 (
8... cxb4 9. axb4 Nxb4 10. O-O O-O 11. Ba3 $44 {is good compensation for White.
}) 9. O-O O-O 10. Rb1 Nd4 11. bxc5 bxc5 12. Bg5 Be6 13. Rb7 Nd7 14. Bxe7 Qxe7
15. Qa4 Nb6 $1 {A nicely calculated move.} 16. Qa6 (16. Rxe7 Nxa4 17. Nxa4
Nxe2+ $17) 16... Bc8 $1 17. Rxe7 Bxa6 18. Rb1 $6 (18. Nxd4 $1 exd4 19. Nd5 $11
{leads to equality.}) 18... Rfb8 (18... Nxe2+ 19. Nxe2 Rfc8 $17 {with the
threat of ...Kf8 traps the e7-rook.}) 19. Kf1 Kf8 20. Rc7 Ne6 21. Rc6 Rd8 $6 (
21... Ke7 22. Nd5+ Kd7 23. Rcxb6 (23. Nxb6+ Kxc6 $19) 23... axb6 24. Rxb6 Bb7
$19) 22. a4 Bb7 23. Rcxb6 axb6 24. Rxb6 {White has a pawn for the exchange but
the position is clearly in Black's favour. Look how carefully Carlsen
circumvents all the possible traps and tactics and brings home the full point,
ok almost the full point as he agreed to a draw in a clearly better position.}
Bc8 25. Bd1 Ra6 26. Rb2 Bd7 27. g3 Bc6 28. Ke1 Rda8 29. Ra2 Rb6 30. Kd2 g6 31.
Kc1 Nd4 32. Nd2 Rb4 33. Rb2 Rab8 34. Nb5 Rxb2 35. Kxb2 Ke7 36. Kc3 Bd7 37. f4
f6 38. Nf1 exf4 39. gxf4 Ne6 40. f5 gxf5 41. Ne3 Nf4 42. exf5 Bc6 43. d4 Be4
44. d5 Ng2 45. Nxg2 Bxg2 46. Bc2 Bf3 47. Kb3 Ra8 48. Nc7 Ra7 49. Nb5 Ra8 50.
Nc7 Ra7 51. Nb5 {With this win Magnus Carlsen became not only the London Chess
Classic winner but also the Grand Chess Tour Champion.} 1/2-1/2

[Event "Qatar Masters op"]
[Site "Doha"]
[Date "2015.12.20"]
[Round "1"]
[White "Carlsen, Magnus"]
[Black "Batsiashvili, Nino"]
[Result "1/2-1/2"]
[WhiteElo "2834"]
[BlackElo "2498"]
[Annotator "Sagar Shah"]
[PlyCount "114"]
[EventDate "2015.12.20"]
[EventType "swiss"]
[EventRounds "9"]
[EventCountry "QAT"]
[SourceTitle "CBM 170"]
[Source "ChessBase"]
[SourceDate "2016.01.15"]
[SourceVersion "1"]
[SourceVersionDate "2016.01.15"]
[SourceQuality "1"]

{The biggest upset of the first round was Magnus Carlsen's draw against Nino
Batsiashvili. The World Champion, fresh from his exploits at the London Chess
Classic, was unable to get going against his Georgian opponent. Let's see how
the game went.} 1. Nf3 d5 2. g3 Nf6 3. Bg2 {This is Carlsen's way of saying
that he would like to have an original game without any theoretical
discussions.} c5 4. c4 d4 5. b4 $5 {Do you get what Carlsen is doing with the
white pieces? He is employing the Benko Gambit with reversed colours!} cxb4 6.
a3 b3 $5 {The Benko is a decent opening with Black. The Black player gets good
compensation. However, the problem with employing it with White is that you
can level the game but to get an advantage might not be so easy. Giving back
the pawn is a very common way to play against the Benko.} (6... bxa3 7. Bxa3 {
would be a fully fledged Benko.}) 7. Qxb3 (7. d3 {[%cal Gb1d2,Gd2b3] followed
by Nbd2 and regaining the pawn with Nxb3 would have been much more logical.})
7... Nc6 8. O-O e5 {Nino has played natural moves and has a good position out
of the opening. A natural continuation would now be d3, but Magnus wanted to
make use of his lead in development by opening up the position.} 9. e3 Be7 10.
exd4 exd4 (10... e4 $5 11. Ng5 (11. Ne5 Nxd4 12. Qa4+ Kf8 $1 $17) 11... Nxd4
12. Qb2 O-O 13. Nxe4 Nxe4 14. Bxe4 Bf6 $17 {would give Black a clear advantage.
But in an over the board game it is not so easy to see this variation.}) 11.
Bb2 O-O 12. Re1 Re8 13. a4 Na5 14. Qd3 Be6 15. Na3 Bxa3 $6 {While it is
tempting to take a pawn, it would have been better to maintain the pressure.} (
15... Rc8 {Putting further pressure on the c4-pawn would have given Black
equal chances.}) 16. Bxa3 Bxc4 (16... Nxc4 17. Rxe6 $1 Nxa3 18. Rxe8+ $18) 17.
Qxd4 Qxd4 18. Nxd4 $14 {Magnus surely has a small edge now. This is due to two
factors: his pieces are better posted, and on an open board the bishops are
just too strong.} Bd5 {When your opponent has the bishop pair, it is always a
good idea to exchange one of them.} 19. Rxe8+ Rxe8 20. Rc1 $1 {The accuracy
with which Magnus plays his next few moves is a treat to watch.} b6 (20... Bxg2
21. Kxg2 h5 {Black's defensive task would have been easier than in the game.})
21. Bf1 {Preserving the bishop pair.} (21. Rc7 Re1+ 22. Bf1 h5 23. Rxa7 $2 Bc4
$19) 21... Bb7 22. Nf5 {With threats like Nd6 in the air, Black's position is
getting quite hard to defend. It is commendable that Batsiashvili could hold
the position from this point onwards, as Carlsen has a clear cut advantage.
And with such edges he is known to beat even 2700+ opponents!} Rd8 (22... g6
23. Nd6 Re7 24. Nxb7 Rxb7 25. Bb2 $18) 23. d4 Nd5 24. Bg2 g6 25. Nd6 Ba8 26. h4
(26. Rc8 {seems like it wins a pawn but Black can recover it.} Rxc8 27. Nxc8
Bb7 28. Nxa7 Nc3 29. Bxb7 Nxb7 30. Nb5 Nxa4 31. Kf1 $16 {The knight on a4 is
kind of trapped and the white king will slowly proceed towards it. This would
have given Carlsen excellent winning chances. But sometimes it is not so easy
to assess such endgames with equal material just based on the placement of
pieces.}) 26... h5 27. Re1 Bc6 28. Re5 Nf6 29. Rxa5 Bxg2 30. Rxa7 Bd5 {White
still maintains an edge in this position, but the opposite coloured bishops
lend it quite a drawish nature. Besides the bishop on d5 is pretty strong.} 31.
Ra6 Nd7 32. Nb5 $2 {This throws away all the advantage as it allows Black to
activate her rook by threatening a mate.} (32. Kf1 {looks the most logical but
Carlsen must have been afraid of reaching this drawish looking endgame after}
Ra8 33. Rxa8+ Bxa8 34. Ke2 Bd5 {Threatening ...Bb3.} 35. Nb5 (35. Bb4 Bb3 36.
a5 bxa5 37. Bxa5 {This should be closer to a draw than a White win.}) 35... Bb3
36. Nc3 Nf6 $1 37. Kd3 Nd5 38. Nxd5 Bxd5 39. Kc3 Bc6 $11 {This shows the
Carlsen's fears were not unfounded.}) 32... Re8 $1 (32... Ra8 33. Rxa8+ Bxa8
34. Be7 Bd5 35. Nc3 Bb3 36. Kg2 f6 37. Bd8 Kf7 38. Kf3 Ke8 39. Bc7 Kf7 40. Ke4
$16 {White's chances are much preferable to what we saw in the previous
variation.}) 33. Bb4 Re2 34. Ra7 Nf6 35. Kf1 Rb2 36. Bc3 Rc2 37. Rc7 Ng4 {
Black has tremendous activity and it is the World Champion who has to play
carefully now in spite of being a pawn up.} 38. Ke1 (38. Be1 Nh2+ 39. Kg1 Nf3+
40. Kf1 Rxc7 41. Nxc7 Bc4+ $19) 38... Rxf2 39. Rc8+ Kh7 40. Rd8 Bf3 41. Re8 (
41. d5 $2 Re2+ 42. Kf1 (42. Kd1 Re8+ $19) 42... Ne3+ 43. Kg1 Rg2+ 44. Kh1 Rxg3+
45. Kh2 Nf1#) 41... f6 42. Re7+ Kg8 43. Re8+ Kh7 44. Re7+ Kg8 45. Bd2 Rg2 46.
Bf4 g5 $1 {Exchanging as many pawns as she can and getting closer to a draw.}
47. hxg5 fxg5 48. Bxg5 Rxg3 49. Nc3 Bc6 50. Kd2 Rg2+ 51. Re2 Nf2 52. d5 Bxd5 $1
53. Nxd5 Ne4+ 54. Ke3 Rxe2+ 55. Kxe2 Nxg5 56. Nxb6 Ne6 57. a5 Nc7 {It could be
said that the World Champion played quite well for the majority of the game.
He had a small edge and was pushing almost throughout the game. But full
credit to Nino Batsiashvili for playing a fine game to draw against an
opponent who was rated 336 points above her.} 1/2-1/2

[Event "Qatar Masters op"]
[Site "Doha"]
[Date "2015.12.21"]
[Round "2"]
[White "Aravindh, Chithambaram VR"]
[Black "Carlsen, Magnus"]
[Result "0-1"]
[WhiteElo "2486"]
[BlackElo "2834"]
[Annotator "Sagar Shah"]
[PlyCount "74"]
[EventDate "2015.12.20"]
[EventType "swiss"]
[EventRounds "9"]
[EventCountry "QAT"]
[SourceTitle "CBM 170"]
[Source "ChessBase"]
[SourceDate "2016.01.15"]
[SourceVersion "1"]
[SourceVersionDate "2016.01.15"]
[SourceQuality "1"]

1. e4 {Aravindh is famed in the Indian chess circuits for his unorthodox
openings. But against the World Champion he decides to play it safe with 1.e4.}
c5 2. b3 $5 {Well, so much for the well trodden paths! The 16-year-old had
beaten Alexei Shirov with 1.b3 a year ago. This time he tries to catch a
bigger fish with that move but of course 1.e4 c5 2.b3 is quite different from
1.b3.} g6 $5 {After the game I had an opportunity to do an interview with
Magnus Carlsen. He said that he had considered playing this line with White
but did not like this 2...g6 move. And hence he played it with Black. This is
the same line recommended by Peter Heine Nielsen in his book "Experts against
the Anti-Sicilians."} 3. Bb2 Nf6 4. e5 Nd5 {Here Aravindh sank into deep
thought. He was of course out of theory and wanted to clarify the position as
much as he could. There is a chance that the e5-pawn will become weak and
hence he decides to advance the pawn.} 5. e6 $6 (5. d4 Qa5+ 6. Qd2 Qxd2+ 7.
Nxd2 cxd4 8. Ngf3 Bg7 $11 {might be a better way for White to play, but I
think Black has absolutely no problems in this position as well.}) (5. Bc4 Nb6
6. e6 f6 7. exd7+ Bxd7 $15) 5... f6 $1 {Of course this is forced and the move
f6 looks pretty unusual but the point is that White is going to take on d7 and
that would mean that all his moves with the e-pawn have been sort of wasted.}
6. exd7+ Qxd7 {The e-pawn has made four moves and exchanged itself for the d7
pawn which hadn't moved even once in the game.} 7. Nc3 Nc6 8. Bb5 Nc7 9. Bxc6
Qxc6 $15 {Black already has the bishop pair and the possibility to establish a
strong centre with e5. He is clearly better. One would assume that the World
Champion would win quite easily from this point onwards. After all it is not
every day that you get a good solid edge as Black after just nine moves
against a grandmaster. But the 16-year-old Aravindh doesn't give up easily.}
10. Qf3 Bd7 11. O-O-O e5 12. Qxc6 Bxc6 13. f3 Ne6 14. Nge2 Be7 15. Rhf1 b5 16.
Rde1 Kf7 17. Nd1 a5 {Things are going excellently for Black as he slowly but
steadily builds up his position. White has nothing much that he can do than to
wait and hope for the opponent to go wrong. The last move a5 although not bad
was not really necessary. The pawn could have been more useful on a6 to defend
the b5-pawn.} 18. Ne3 Bd6 $6 {Magnus played his B to d6 in order to defend his
e5-pawn and prepare f5. The problem with this move is that the bishop is a
little exposed on d6 and can be hit in the future with the moves Nc4 or Ne4.} (
18... Rhe8 {was much better.}) 19. Nc3 h5 $6 (19... a4 {was necessary to stop
White from going a4.} 20. bxa4 b4 $1 21. Ne4 (21. Nc4 $2 bxc3 22. Nxd6+ Ke7 $19
) 21... Be7 22. Ng4 Nd4 23. f4 $132) 20. a4 $1 {Securing the c4-square for the
knight.} b4 (20... bxa4 21. Nc4 Be7 22. Nxa4 $11) 21. Ne4 Bc7 22. Nc4 {
Suddenly things are not at all clear. White has an excellent square for his
knight on c4 and the Black pawns, which were once very strong, now look like
targets.} h4 23. g4 (23. f4 $6 Bxe4 24. Rxe4 exf4 $17) 23... hxg3 24. hxg3 Rh3
25. g4 {[%cal Rg4g5]} (25. f4 $5 {Trying to open the position could have been
a possible option.} exf4 26. gxf4 Bxe4 27. Rxe4 $13) 25... Rd8 $2 {A gross
miscalculation by the World Champion. If one were to ask what is it that White
is threatening here, it is easy to see that the move is g4-g5. Carlsen
overlooks that and allows White to gain the advantage.} (25... g5 $1 $17 {
makes the position quite static and slowly Black should be able to increase
his edge especially since he controls the h-file.}) 26. g5 $1 Bxe4 (26... f5
27. Bxe5 $1 $18) 27. fxe4 Nf4 (27... Nxg5 28. Bxe5 Bxe5 29. Nxe5+ Kg7 30. Nc4
$14 {is surely a slight edge for White.}) 28. gxf6 $14 {The pawn cannot be
taken because of Rxf4. Isn't it surprising that from a completely better
position, Carlsen drifted into a worse position in a matter of ten moves. As
Magnus said after the game, all that was left now was to try and trick his
opponent before the 40th move as the Indian was under grave time pressure.} Ke6
29. Ne3 (29. d3 g5 30. f7 Rf8 31. Rg1 Kf6 32. Kd1 Rxf7 33. Bc1 Rg7 34. Rg4 Rh4
35. Ne3 $14 {was a possible way to continue the game when White has a pleasant
position thanks to the more compact pawn structure.}) 29... g5 30. Nd5 (30. d3
$14) 30... Bd6 31. Rg1 Rg8 32. Rg4 $6 Rh4 $1 33. Rgg1 (33. Rxh4 gxh4 $17) 33...
g4 34. Ne3 g3 {The position has changed a bit in the last few moves and White
has lost his edge.} 35. Nf5 Rhh8 $1 {The rook comes back to defend the
f8-square and stop the f-pawn from queening. So to f7, the g8-R can safely
move up without worry about the f8-square.} (35... Rh3 36. f7 Kxf7 37. Nxd6+
$18) 36. f7 (36. f7 Rg4 $1 {and the rook on h8 controls the f8-square.}) (36.
Rxg3 Ne2+ $1 37. Rxe2 Rh1+ $19) 36... Rg6 37. Kd1 g2 {And here Aravindh's flag
fell. Most probably the position is already lost as ...Nh3 winning an exchange
is coming up. An interesting game where Magnus was once again put under some
strong pressure by his opponent who was rated 300 points below him. But this
was the last game in the tournament where Magnus faced any problems. His next
seven games were just great and he was able to win the second edition of the
Qatar Masters.} 0-1

[Event "Qatar Masters op"]
[Site "Doha"]
[Date "2015.12.23"]
[Round "4"]
[White "Duda, Jan Krzysztof"]
[Black "Carlsen, Magnus"]
[Result "0-1"]
[WhiteElo "2663"]
[BlackElo "2834"]
[Annotator "Sagar Shah/CB Website"]
[PlyCount "84"]
[EventDate "2015.12.20"]
[EventType "swiss"]
[EventRounds "9"]
[EventCountry "QAT"]
[SourceTitle "CBM 170"]
[Source "ChessBase"]
[SourceDate "2016.01.15"]
[SourceVersion "1"]
[SourceVersionDate "2016.01.15"]
[SourceQuality "1"]

1. e4 c5 2. Nf3 d6 3. d4 cxd4 4. Nxd4 Nf6 5. Nc3 a6 6. Be2 e5 7. Nb3 Be7 8. Bg5
Nc6 9. Qd3 Nb4 $5 $146 {This move was made quite quickly by Magnus and hence
he was clearly prepared.} 10. Qd2 h6 11. Bxf6 Bxf6 12. Nd5 $6 (12. a3 {is met
by} Bg5 13. Qd1 Nc6 14. O-O Be6 15. Qd3 O-O 16. Rad1 $11 {and White has a much
better position than what happened in the game.}) 12... Nxd5 13. Qxd5 Qc7 14.
O-O-O Be7 15. Kb1 Be6 16. Qd3 O-O $15 {Black has a very pleasant position due
to the following reasons:  1. He has the bishop pair. Although the bishop on
e7 is not particularly great it can be activated either on g5 or after White
plays f4 it can be strong on the a1-h8 diagonal.  2. The d5-square is weak,
however the knight on b3 is at least three moves away from it and cannot
really take advantage of it.  3. And last but not least Black has a clear plan
of attack on the queenside with b5-b4, a5-a4. White also can push his pawns
down the board but somehow he lacks the firepower in that zone.} 17. f4 exf4
18. Nd4 Bd7 19. Rhf1 Bf6 20. Rxf4 Be5 {The bishop on e5 is really strong now.}
21. Rff1 Rac8 22. c3 b5 23. Nf3 Be6 24. Nd4 Bc4 25. Qf3 b4 $1 {White's king
position is slowly but surely getting ripped open whereas White has not yet
started his play on the kingside.} 26. cxb4 Qb6 $1 27. Bxc4 Rxc4 28. Nc2 Rfc8 {
The f7 pawn is not really so important as the king can hide safely on f7. Yet
it made sense to take the pawn and then play Rd2.} 29. Rd2 (29. Qxf7+ Kh8 30.
Rd2 Qc6 31. Qf2 Qxe4 (31... a5 {was played by Magnus in the game.}) 32. Re2 $14
{and White should defend this position and might well be slightly better.})
29... Qc6 (29... Qc7 $1) 30. Qxf7+ Kh8 31. Qf2 a5 32. a3 $2 (32. bxa5 {is a
computer move but it looks extremely scary and I won't be surprised if there
is a mate somewhere around the corner.} Rb8 33. b3 Rc3 $40) 32... axb4 33. Nxb4
Qxe4+ 34. Ka2 Rxb4 $1 35. axb4 Ra8+ 36. Kb3 Rb8 37. Ka2 Qxb4 {The queen, rook
and bishop combine to launch a winning attack against the white king.} 38. Rc1
Qa4+ 39. Kb1 Qe4+ 40. Rcc2 Bxb2 41. Qf3 Qe1+ 42. Rd1 Bd4+ (42... Bd4+ 43. Kc1
Be3+ {with a winning position. A fine game by Magnus Carlsen who had very
little difficulty in crushing his talented young opponent.}) 0-1